Hacia un ambiente educativo creativo

Salvato in:
Dettagli Bibliografici
Autori principali: Dapelo Pellerano, Bianca (Autore), Marcone Trigo, Rodolfo (Autore)
Natura: Libro
Lingua:spagnolo
Pubblicazione: Valparaíso Universidad de Playa Ancha 1999
Edizione:2a. ed
Serie:Pedagogía en Educación Básica
Soggetti:
Tags: Aggiungi Tag
Nessun Tag, puoi essere il primo ad aggiungerne!!

MARC

LEADER 00000nam a2200000 a 4500
001 UCL2875
003 CL-VaPUC
008 031107e19990000CL |||||||||||||||||spa|d
020 |a 9567017980 
082 0 4 |a 370.157  |b DAP  |2 21 
100 0 |a Dapelo Pellerano, Bianca  |e author  |9 480032 
700 0 |a Marcone Trigo, Rodolfo  |e author  |9 480033 
245 1 0 |a Hacia un ambiente educativo creativo 
250 |a 2a. ed 
300 |a 237 p 
942 |c BK 
945 |d 20031107 00:00:00  |a cmena 
260 |a Valparaíso  |b Universidad de Playa Ancha  |c 1999 
650 0 |a Creatividad   |9 310816 
650 0 |a Métodos de enseñanza  |9 270413 
650 0 |a Educación básica   |9 224933 
583 |a last modification  |c 20031107 00:00:00  |k Rodrigo Vera 
490 0 |a Pedagogía en Educación Básica 
999 |c 306049  |d 306047 
952 |0 0  |1 0  |4 0  |6 370_157000000000000_DAP_1999  |7 0  |8 P  |9 370745  |a BIBEDU  |b BIBEDU  |c BIBEDU_PB  |d 2019-11-21  |i 3941817  |o 370.157 DAP 1999  |p 3941817  |r 2024-01-25  |w 2019-11-21  |y BK  |k EPE 
952 |0 0  |1 0  |4 0  |6 370_157000000000000_DAP_1999  |7 0  |8 P  |9 370746  |a BIBEDU  |b BIBEDU  |c BIBEDU_PB  |d 2019-11-21  |i 4013689  |o 370.157 DAP 1999  |p 4013689  |r 2024-01-25  |w 2019-11-21  |y BK  |k EPE 
952 |0 0  |1 0  |4 0  |6 370_157000000000000_DAP_1999  |7 0  |8 P  |9 370747  |a BIBEDU  |b BIBEDU  |c BIBEDU_PB  |d 2019-11-21  |i 4202236  |o 370.157 DAP 1999  |p 4202236  |r 2024-01-25  |w 2019-11-21  |y BK  |k EBA 
952 |0 0  |1 0  |4 0  |6 370_157000000000000_DAP_1999  |7 0  |8 P  |9 370748  |a BIBEDU  |b BIBEDU  |c BIBEDU_PB  |d 2019-11-21  |i 4202228  |o 370.157 DAP 1999  |p 4202228  |r 2024-01-25  |w 2019-11-21  |y BK  |k EBA 
952 |0 0  |1 0  |4 0  |6 370_157000000000000_DAP_1999  |7 0  |8 P  |9 370749  |a BIBEDU  |b BIBEDU  |c BIBEDU_PB  |d 2019-11-21  |i 4202244  |o 370.157 DAP 1999  |p 4202244  |r 2024-01-25  |w 2019-11-21  |y BK  |k EBA 
952 |0 0  |1 0  |4 0  |6 370_157000000000000_DAP_1999  |7 0  |8 P  |9 370750  |a BIBEDU  |b BIBEDU  |c BIBEDU_PB  |d 2019-11-21  |i 4202252  |o 370.157 DAP 1999  |p 4202252  |r 2024-01-25  |w 2019-11-21  |y BK  |k EBA 
952 |0 0  |1 0  |4 0  |6 370_157000000000000_DAP_1999  |7 0  |8 P  |9 370751  |a BIBEDU  |b BIBEDU  |c BIBEDU_PB  |d 2019-11-21  |i 4202260  |o 370.157 DAP 1999  |p 4202260  |r 2024-01-25  |w 2019-11-21  |y BK  |k EBA 
952 |0 0  |1 0  |4 0  |6 370_157000000000000_DAP_1999  |7 0  |8 P  |9 370752  |a BIBEDU  |b BIBEDU  |c BIBEDU_PB  |d 2019-11-21  |i 4221982  |o 370.157 DAP 1999  |p 4221982  |r 2024-01-25  |w 2019-11-21  |y BK  |k EBA 
952 |0 0  |1 0  |4 0  |6 370_157000000000000_DAP_1999  |7 0  |8 P  |9 370753  |a BIBEDU  |b BIBEDU  |c BIBEDU_PB  |d 2019-11-21  |i 4221974  |o 370.157 DAP 1999  |p 4221974  |r 2024-01-25  |w 2019-11-21  |y BK  |k EBA